000 01593nam2a22003371 4500
001 RU\NLR\INFOCOMM10\1000084491
005 20250617053334.0
035 _a(NLR Aleph) 002488636
090 _a2488695
_c2488695
100 _a20031203d1910 |||y0rusy50 ca
101 0 _arus
102 _aRU
105 _ay |||||||||
135 _acrmn mmmapada
135 _acrmn mmmapada
135 _acrmn mmmapada
200 0 _aВып.36
210 _d1910
_aБ. м.
225 2 _aИзвестия Археологической комиссии
_vвып. 36
_iВопросы реставрации
_vвып. 6
325 _aКопия доступна в Электрон. б-ке РНБ http://vivaldi.nlr.ru/pm000070267/view
461 0 _1001RU\NLR\INFOCOMM10\1000084455
_12001#$aИзвестия Археологической комиссии$vВып.36
_92488515
_aИмператорская археологическая комиссия (Петербург)
_cСПб.
_d1901-1918
_tИзвестия Археологической комиссии
_vВып.36
462 0 _1001RU\NLR\Per\987815
_12000#$aВопросы реставрации$vВып. 6
_910344297
_cСПб.
_d1908-1918
_tИзвестия Археологической комиссии. - Вопросы реставрации
_vВып. 6
801 1 _aRU
_bInfoComm
_c20031203
801 0 _aRU
_bNLR
_gPSBO
852 _aNLR
_j1/211
942 _cISSUE
980 _aNB
980 _aRUSPER
981 2 7 _a(27) Периодические издания
_b(27) Журналы